Flaggen nicht anerkannter Länder und Ozeanien - Statistiken

Allgemein
  • Dieses Quiz wurde 531 mal gespielt
    504 seit der letzten Aktualisierung
  • Das Durchschnittsergebnis liegt bei 17 aus 30
Antwortstatistiken
Bildquiz Antwort % Korrekt
Tonga
88%
Marshallinseln
86%
Nauru
84%
Palau
82%
Fidschi
81%
Hong Kong
81%
Mikronesien
80%
Kiribati
79%
Vanuatu
79%
Guam
78%
Grönland
77%
Antarktis
76%
Puerto Rico
76%
Samoa
76%
Tuvalu
74%
Palästina
73%
Isle of Man
72%
Gibraltar
71%
Jersey
71%
Niue
68%
Faröer
67%
Aland
66%
Cookinseln
66%
Aruba
65%
Bermuda
64%
Mayotte
62%
Macau
61%
Französisch-Polynesien
60%
Neukaledonien
60%
Weihnachtsinsel
59%
Westsahara
59%
Kokosinsel
58%
Amerikanisch-Samoa
57%
Guernsey
57%
Curacao
56%
Guadeloupe
54%
Norfolkinsel
54%
Falklandinseln
53%
Nördliche Marianen
52%
Reunion
51%
Amerikanische Jungferninseln
49%
Anguilla
49%
Sint Maarten
46%
Tokelau
46%
Bonaire
44%
Montserrat
44%
Turks- und Caicosinseln
43%
Kaimaninseln
40%
Wallis & Futuna
40%
Französisch-Guyana
39%
Französische Süd- und Antarktisgebiete
38%
St. Helena
37%
Saint-Martin
34%
Antarktis
33%
Saba
33%
Martinique
32%
Pitcairninseln
32%
St. Pierre & Miquelon
31%
St. Barthelemy
29%
Sint Eustatius
26%
Südgeorgien und südliche Sandwichinseln
26%
Ascension
24%
Tristan da Cunha
21%
Sark
20%
Bougainville
13%
Keine übereinstimmenden Quizze gefunden
Verteilung der Resultate
Anzahl Personen mit jedem Resultat
Perzentil nach korrekt beantworteten Fragen
Ihre Resultats-Entwicklung
Sie haben dieses Quiz seit der letzten Aktualisierung nicht gespielt